Gaming Quiz

Random Gaming or Pokémon Quiz

7-to-1 Generation 1 Pokémon Quiz Stats

 Plays Quiz not verified by Sporcle

Score 0/28 Timer 04:00
3 Plays Today
% Correct
Aerodactyl
95.2%
Articuno
88.3%
Blastoise
87.4%
Zubat
87.1%
Charizard
87%
Cloyster
86.2%
Electabuzz
85.8%
Dewgong
85.5%
Golduck
85.3%
Beedrill
84.8%
Starmie
84.1%
Bellsprout
83.6%
Raichu
83.2%
Hitmonchan
82.9%
% Correct
Machoke
82.6%
Magnemite
82%
Metapod
81.4%
Moltres
81.3%
Farfetch'd
81.3%
Venomoth
80.9%
Kakuna
80.4%
Mankey
80.3%
Primeape
79.7%
Dratini
79.7%
Pinsir
77.4%
Gloom
76.9%
Dodrio
68.8%
Kabutops
64.5%

You're not logged in!

Compare scores with friends on all Sporcle quizzes.
OR
Log In

Sporcle TV

Today on Sporcle TV


Watch our educational content, quiz creation guides, and fun videos on Sporcle TV.

Show Comments

Extras

Top Quizzes Today


Score Distribution

Your Account Isn't Verified!

In order to create a playlist on Sporcle, you need to verify the email address you used during registration. Go to your Sporcle Settings to finish the process.

Report this User

Report this user for behavior that violates our Community Guidelines.

Details: